000 00654nam a2200241Ia 4500
003 OSt
005 20220918180818.0
006 a|||||r|||| 00| 0
007 ta
008 220917b |||||||| |||| 00| 0 eng d
024 _a24,269
037 _cTextual
040 _aARTS
_cARTS
_beng
041 _2eng
_aeng
082 _aO:v3:N5, J08;1
100 _aHudson William Henry
_910514
245 0 _aOutline history of English literature
260 _aLondon
_bG Bell
_c1958
300 _aviii, 344p.
_ccm.
650 _aENGLISH LITERATURE
942 _hO:v3:N5, J08;1
_cTEXL
_2CC
999 _c163243
_d163243